000
00293nam a22001337a 4500
008
260428b ||||| |||| 00| 0 eng d
020
_a
003-800070999321
041
_a
Shqip
080
_a
821.01
100
_a
40
101
_a
Roman
245
_a
Testamenti
_c
Fransua Vijon
942
_2
udc
_c
BK
999
_c
61014
_d
61014